Catalog

Record Details

Catalog Search



All played out #3 : a Rusk University novel / Cora ... Read More

Carmack, Cora.(Author).

Available copies

  • 1 of 1 copy available at LARL/NWRL Consortium.

Current holds

0 current holds with 1 total copy.

Show All Copies
Location Call Number / Copy Notes Barcode Shelving Location Status Due Date
Thief River Falls Public Library CAR (Text) 35500005646557 Main Available -

Record details

  • ISBN: 9780062326249 (paperback)
  • Physical Description: pages ; cm.
  • Edition: First edition.
  • Publisher: New York, New York : William Morrow Paperbacks, An Imprint of HarperCollinsPublishers [2015]
Genre: College stories.
Love stories.
LDR 01128cam a22003378i 4500
001181723
003LARL_NWRL_CONSORTIUM
00520141212152530.0
008141212s2015 nyu 000 1 eng
010 . ‡a2014044678
020 . ‡a9780062326249 (paperback)
020 . ‡z9780062326256 (e-book)
040 . ‡aDLC ‡beng ‡erda ‡cDLC
042 . ‡apcc
049 . ‡aNRG
05000. ‡aPS3603.A75374 ‡bA79 2015
08200. ‡a813/.6 ‡223
084 . ‡aFIC027020 ‡aFIC043000 ‡2bisacsh
1001 . ‡aCarmack, Cora. ‡0(LARL_NWRL_CONSORTIUM)221166
24510. ‡aAll played out ‡n#3 : ‡ba Rusk University novel / ‡cCora Carmack.
250 . ‡aFirst edition.
260 . ‡aNew York, New York : ‡bWilliam Morrow Paperbacks, An Imprint of HarperCollinsPublishers ‡c[2015]
300 . ‡apages ; cm.
336 . ‡atext ‡2rdacontent
337 . ‡aunmediated ‡2rdamedia
338 . ‡avolume ‡2rdacarrier
4900 . ‡aRusk university ; ‡v3
655 0. ‡aCollege stories.
655 7. ‡aLove stories. ‡2gsafd
901 . ‡a181723 ‡bISxN ‡c181723 ‡tbiblio

Additional Resources